Movies Quiz

Random Movies or Century Quiz

Top Movies of the 21st Century By Hint Quiz Stats

 Plays Quiz not verified by Sporcle

Also try: Kevin Bacon Movies
Challenge
Share
Tweet
Embed
Score 0/14 Timer 09:00
0 Plays Today
Movie Plot Movie % Correct
A general is betrayed by the son of the late Emperor, escapes capture only to return home to his dead family, and becomes a gladiator in Rome to exact his revenge.Gladiator
87.3%
A masked vigilante is put to the ultimate mental test when a psychopath goes through the city, while working with a district attorney and a police lieutenant to bring down the mob.The Dark Knight
86.9%
A thief who steals corporate secrets through use of dream-sharing technology is given the task of planting an idea into the mind of a CEO.Inception
85.2%
A wealthy stock broker gets caught up in drugs, money laundering, and other illegal activity that could be his potential downfall.The Wolf of Wall Street
82.6%
A blacksmith and a pirate team up to save the governor's daughter.Pirates of the Caribbean: The Curse of the Black Pearl
71.6%
A man condemned with memory loss develops a system to help him remember to avenge the murder of his wife.Memento
68.2%
An undercover cop and a mole in the police attempt to identify each other while infiltrating an Irish gang in South Boston.The Departed
67.8%
Movie Plot Movie % Correct
Two magicians, who constantly attempt to one-up each other, get caught up in a story of lying, cheating, and murder.The Prestige
66.1%
In this third installment, a man with severe memory loss dodges a ruthless CIA official and his agents from a new assassination program while searching for the origins of his life.The Bourne Ultimatum
62.3%
A Jewish battalion, a French filmmaker, and a German general come upon each other in a war story that singles out evil, good, and the line somewhere in between.Inglourious Basterds
60.6%
The story of two friends on a mission to save the world, backed the whole way by allies who engage in a war to keep them safe and on their perilous journey.The Lord of the Rings: The Return of the King
60.2%
The racing rivalry between a man of England and one of Austria escalates into something much more off the track.Rush
55.1%
A terrorist attempts to right the wrongs done upon him by continuously becoming a larger and larger threat to a corrupt fascist government.V for Vendetta
41.5%
A man with an inability to comprehend human life kills the men who set him on a mission to track down drug money and goes on the hunt, intent on taking the money for himself.No Country for Old Men
39.8%

You're not logged in!

Compare scores with friends on all Sporcle quizzes.
OR
Log In

You Might Also Like...

Show Comments

Extras

Created Apr 23, 2015ReportNominate
Tags:Century Quiz, 21st Century, plot

Top Quizzes Today


Score Distribution

Your Account Isn't Verified!

In order to create a playlist on Sporcle, you need to verify the email address you used during registration. Go to your Sporcle Settings to finish the process.

Report this User

Report this user for behavior that violates our Community Guidelines.

Details: